000 00907nam a2200289 a 4500
001 BRCA_5588
003 FranzMayer
005 20230918122635.0
008 210211s1951----mx-ao#####---#000-0#spa-#
040 _cMFM
041 _aspa
044 _amx
050 4 _aNK4714
_b.N38 1951
245 1 0 _aNative dress of the Sierra de Puebla
_cfotografías por Bodil Christensen.
260 _aMéxico
_bMuseo Nacional de Artes e Industrias Populares
_c1951
300 _a55 p.
_bil.
_c17 cm.
500 _aUn ejemplar en Anexo 1
500 _aCon dedicatoria del fotógrafo al Sr. Franz Mayer
500 _aF64
650 1 4 _aIndumentaria
_zPuebla
_914242
650 1 4 _aIndumentaria
_zMéxico
_9808
650 1 4 _aGalerías y museos
_zMéxico
_94513
700 1 _aChristensen, Bodil
_eFotógrafo
_914243
710 2 _aMuseo Nacional de Artes e Industrias Populares
_914244
902 _aGFM
942 _2lcc
_cB
999 _c5282
_d5282